Statistics for Monty Python A to Z

Click here to take the quiz!

General Stats

  • This quiz has been taken 43 times
  • The average score is 12 of 26

Answer Stats

LetterHintAnswer% Correct
HWe eat ___ and jam and spam a lotHam
84%
JThe tallest PythonJohn Cleese
84%
GDied in 1989Graham Chapman
82%
PWhat kind of an animal is a Norwegian Blue?A Parrot [dead, apparently]
76%
CSuch a silly place...Camelot
74%
EThe most musical PythonEric Idle
71%
KA mountain in Africa... but don't bother booking the tour guides. They are not of competenceKilimanjaro
71%
FNumber of YorkshiremenFour
61%
M...and who played him?Michael Palin
61%
LWhat did the blood-stained barber always want to be?A Lumberjack!
58%
QWhich English monarch once participated in a race in a Python episode... with herself?Queen Victoria
58%
SI DON'T LIKE......SPAM!!!
58%
Z'Wicked, bad, naughty ____!'Zoot
42%
BFrom the University of WoollamallooBruce
37%
O___-stretching TimeOwl
34%
DDo you ever feel that a giant hedgehog is watching over you?Dinsdale
32%
UJohann Gambolputty de von Ausfern-schplenden-schlitter-crasscrenbon-fried-digger-dingle-dangle-dongle-dungle-burstein-von-knacker-thrasher-apple-banger-horowitz-ticolensic-grander-knotty-spelltinkle-grandlich-grumblemeyer-spelterwasser-kurstlich-himbleeisen-bahnwagen-gutenabend-bitte-ein-nürnburger-bratwustle-gerspurten-mitzweimache-luber-hundsfut-gumberaber-shönendanker-kalbsfleisch-mittler-aucher von Hautkopft of ___Ulm
32%
AAs opposed to a lionAnteater
29%
Y'And then Doris Dog turns into a ___!'Yak
29%
TTwo of them...Terry
26%
N'The Seventh Python'Neil Innes
24%
W
Vendor of said cheese [sometimes, anyways...]
Arthur ____________
Wensleydale
21%
RThe first man to jump the channel, tunnel to Java AND run to Mercury.....almostRon Obvious
13%
VVery exotic cheeseVenezuelan Beaver Cheese
13%
I
What's that on the televison?
Looks like a penguin...
Intercourse
3%
XNo one expects the Spanish Inquisition! (Cardinal Ximénez)
3%

Score Distribution

Percentile by Number Answered

Percent of People with Each Score

Your Score History

You have not taken this quiz